<?xml version="1.0" encoding="UTF-8"?>
<record
    xmlns:xsi="http://www.w3.org/2001/XMLSchema-instance"
    xsi:schemaLocation="http://www.loc.gov/MARC21/slim http://www.loc.gov/standards/marcxml/schema/MARC21slim.xsd"
    xmlns="http://www.loc.gov/MARC21/slim">

  <leader>00639nam a2200181Ia 4500</leader>
  <controlfield tag="008">090630s9999    xx            000 0 und d</controlfield>
  <datafield tag="082" ind1=" " ind2=" ">
    <subfield code="b">13665</subfield>
  </datafield>
  <datafield tag="100" ind1=" " ind2=" ">
    <subfield code="a">&#x935;&#x93E;&#x933;&#x93F;&#x902;&#x92C;&#x947; &#x936;&#x930;&#x91A;&#x94D;&#x91A;&#x902;&#x926;&#x94D;&#x930;.</subfield>
  </datafield>
  <datafield tag="245" ind1=" " ind2=" ">
    <subfield code="a">&#x917;&#x949;&#x921; &#x92B;&#x93E;&#x926;&#x930;.</subfield>
    <subfield code="c">&#x935;&#x93E;&#x933;&#x93F;&#x902;&#x92C;&#x947; &#x936;&#x930;&#x91A;&#x94D;&#x91A;&#x902;&#x926;&#x94D;&#x930;.</subfield>
  </datafield>
  <datafield tag="260" ind1=" " ind2=" ">
    <subfield code="b">&#x90F;&#x938;. &#x915;&#x947;. - &#x92A;&#x941;&#x923;&#x947;.</subfield>
    <subfield code="c">1994</subfield>
  </datafield>
  <datafield tag="300" ind1=" " ind2=" ">
    <subfield code="a">160</subfield>
  </datafield>
  <datafield tag="600" ind1=" " ind2=" ">
    <subfield code="a">&#x935;&#x93E;&#x933;&#x93F;&#x902;&#x92C;&#x947; &#x936;&#x930;&#x91A;&#x94D;&#x91A;&#x902;&#x926;&#x94D;&#x930;.</subfield>
  </datafield>
  <datafield tag="630" ind1=" " ind2=" ">
    <subfield code="a">&#x917;&#x949;&#x921; &#x92B;&#x93E;&#x926;&#x930;.</subfield>
  </datafield>
  <datafield tag="655" ind1=" " ind2=" ">
    <subfield code="a">&#x915;&#x93E;&#x926;&#x902;&#x92C;&#x930;&#x940;.</subfield>
  </datafield>
  <datafield tag="700" ind1=" " ind2=" ">
    <subfield code="a">&#x935;&#x93E;&#x933;&#x93F;&#x902;&#x92C;&#x947; &#x936;&#x930;&#x91A;&#x94D;&#x91A;&#x902;&#x926;&#x94D;&#x930;.</subfield>
  </datafield>
  <datafield tag="730" ind1=" " ind2=" ">
    <subfield code="a">&#x917;&#x949;&#x921; &#x92B;&#x93E;&#x926;&#x930;.</subfield>
  </datafield>
  <datafield tag="942" ind1=" " ind2=" ">
    <subfield code="c">BOOK</subfield>
  </datafield>
  <datafield tag="999" ind1=" " ind2=" ">
    <subfield code="c">265521</subfield>
    <subfield code="d">265521</subfield>
  </datafield>
  <datafield tag="952" ind1=" " ind2=" ">
    <subfield code="0">0</subfield>
    <subfield code="1">0</subfield>
    <subfield code="4">0</subfield>
    <subfield code="7">0</subfield>
    <subfield code="a">SAWASHRI</subfield>
    <subfield code="b">SAWASHRI</subfield>
    <subfield code="d">0000-00-00</subfield>
    <subfield code="g">80.00</subfield>
    <subfield code="l">0</subfield>
    <subfield code="o">13665</subfield>
    <subfield code="p">SAWASHRI-13665</subfield>
    <subfield code="r">2009-06-30 00:00:00</subfield>
    <subfield code="v">80.00</subfield>
    <subfield code="w">2009-06-30</subfield>
    <subfield code="y">BOOK</subfield>
  </datafield>
</record>
